000 01433nam a2200301 4500
003 EG-GICUC
005 20260121101725.0
008 260113s1994 ua ||||fr|||| 00| 0 ara d
040 _a EG-GICUC
_bara
_c EG-GICUC
_d EG-GICUC
_erda
041 0 _aara
082 0 4 _a343.421
_bم ر . م
_221
092 0 4 _221
099 _aLaw1 10 343.421 م ر . م 1994 1006426
111 0 _aالندوة العلمية حول مكافحة ظاهرة انتشار المخدرات في المجتمع المصري،
_c:كلية الحقوق - جامعة القاهرة
_dفبراير 1993،
245 1 0 _aمكافحة ظاهرة انتشار المخدرات في المجتمع المصري /
_cتنظيم مركز بحوث ودراسات مكافحة الجريمة ومعاملة المجرمين، كلية الحقوق، جامعة القاهرة.
264 1 _aالجيزة :
_bمركز بحوث ودراسات مكافحة الجريمة،
_c1994.
300 _a178 صفحة
_c24 سم
336 _2rda content
_atext
337 _2rda media
_aComputer
338 _2rda carrier
_aOnline Resource
504 _aيشتمل على إرجاعات ببليوجرافية.
546 _aالنص باللغة العربية
650 1 _a التشريعات المتعلقة بالمخدرات.
_2qrmak
651 1 _2qrmak
856 4 0 _uhttps://fll.law.cu.edu.eg/fulltext/bks/B11-06426.pdf
905 _a18
942 _2ddc
_n0
_cBK
_e21
999 _c56949
_d56949